00763nam a2200217Ia 4500003000900000008004100009020001800050040001600068080002100084245015500105260003700260300001500297650001400312650001700326650002200343700003000365700002800395942000700423999001700430952009800447IN-BaIIA211028s9999 xx 000 0 eng d a0-8243-0941-3 cIIA Library a047.1:52bARA-41 0aAnnual review of astronomy and astrophysicsbvol. 41cedited by G. Burbidge, R. Blandford and A. Sandage  aCaliforniabAnnual Reviewsc2003 axii, 689p. aCosmology aGalaxy93368 aStellar Evolution aBlandford, R., ed.928703 aSandage, A., ed.917045 cBK c15560d15560 00104070aBANbKAVcGENd2003-12-19l0o047.1:52/ ARA-41p16482r2021-11-05w2003-12-19yBK